000061142 001__ 61142 000061142 005__ 20170510132217.0 000061142 037__ $$aTAZ-TFG-2016-3636 000061142 041__ $$aeng 000061142 1001_ $$aMarín Peralta, Carlos 000061142 24200 $$aStudy of floating solar panels in water surfaces technology 000061142 24500 $$aEstudio de la tecnología de módulos fotovoltaicos flotantes en superficies de agua 000061142 260__ $$aZaragoza$$bUniversidad de Zaragoza$$c2016 000061142 500__ $$aRealizado como Erasmus en Polonia. 000061142 506__ $$aby-nc-sa$$bCreative Commons$$c3.0$$uhttp://creativecommons.org/licenses/by-nc-sa/3.0/ 000061142 520__ $$aEl trabajo consta de un estudio acerca de la instalación de paneles fotovoltaicos sobre superficies de agua. Se estudia la tecnologia, los beneficios y defectos sobre los sistemas convencionales, y se realiza un análisis distintivo entre su instalación en España y en Polonia. (El trabajo fue realizado como Erasmus en Polonia). 000061142 521__ $$aGraduado en Ingeniería Eléctrica 000061142 540__ $$aDerechos regulados por licencia Creative Commons 000061142 700__ $$aMarcuello Pablo, Juan José$$edir. 000061142 700__ $$aZajkowski, Maciej$$edir. 000061142 7102_ $$aUniversidad de Zaragoza$$bIngeniería Eléctrica$$cIngeniería Eléctrica 000061142 8560_ $$f629994@celes.unizar.es 000061142 8564_ $$s2871428$$uhttps://zaguan.unizar.es/record/61142/files/TAZ-TFG-2016-3636.pdf$$yMemoria (eng) 000061142 909CO $$ooai:zaguan.unizar.es:61142$$pdriver$$ptrabajos-fin-grado 000061142 950__ $$a 000061142 951__ $$adeposita:2017-05-10 000061142 980__ $$aTAZ$$bTFG$$cEINA